000 00216 a2200097 4500
001 47344
100 _aTanham G
245 _aCommunist revolutionary warfare
260 _aLondon
_bMethuen
_c
090 _c30380
_d30380
942 _aNUST-CAE
_cM
_c22648
999 _c282417
_d282417